Statistics for Sun Things - Picture Quiz

Click here to take the quiz!

General Stats

  • This quiz has been taken 37 times
  • The average score is 8 of 12

Answer Stats

Answer% Correct
Sun{flower}
100%
Sun{hat}
100%
Sun{glasses}
97%
Sun{set}
97%
Sun{rise}
94%
Sundae
88%
Sun{dial}
88%
Sunderland
52%
Sun {dried tomatoes}
52%
Sunk
33%
Sun {Yat-Sen}
24%
Sunderbans
6%

Score Distribution

Percentile by Number Answered

Percent of People with Each Score

Your Score History

You have not taken this quiz